00990cam a2200253 a 450000100060000000300080000600500170001400800410003103500190007204000330009104100080012408200270013210000340015924501530019326000680034630000230041450000410043750000200047865000440049870000370054294200130057999900170059295201270060948227BD-RjUL20211209054501.0830609s1954 us b 001 0 eng d a(BD-RjUL)48346 aADACbengcADACdVUdBD-RjUL aeng04a016.0287223bSHB 19551 aShores, Louis,d1904-916746810aBasic reference sources :ban introduction to materials and methods /cby Louis Shores ; with a chapter on science reference sources by Helen Focke. aChicago :bAmerican Library Association,cc1954 [Printing 1955] aix, 378p. ;c24cm. aIncludes bibliographical references. aIncludes index. 0aReference booksxBibliography. 91674691 aFocke, Helen , jt. auth.9167470 2ddccREF c48227d48227 00102ddc40718REFaRUCLbRUCLcReferenced2016-11-28l0oR 016.0287 SHB 1955r2016-11-28 00:00:00tC-1w2021-12-09yREF